Music Quiz

Random Music or Lyrics Quiz

'Friends in Low Places' Lyrics Quiz Stats

Quiz Updated Mar 11, 2015

Also try: 'Country' Songs
Challenge
Share
Tweet
Embed
Score 0/173 Timer 08:00
2 Plays Today
% Correct
I
99.3%
I
99.3%
I
99.3%
I
99.3%
I
99.3%
I
99.3%
I
99.3%
I
99.3%
I
99.3%
in
98.2%
in
98.2%
in
98.2%
in
98.2%
in
98.2%
friends
97%
friends
97%
low
97%
low
97%
places,
96.9%
places.
96.9%
a
96.2%
The
95.8%
the
95.8%
the
95.8%
the
95.8%
the
95.8%
the
95.8%
the
95.8%
the
95.8%
the
95.8%
got
94.7%
got
94.7%
[Chorus x4]
94.7%
And
93%
And
93%
and
93%
And
93%
and
93%
and
93%
And
93%
and
93%
Oh,
92.7%
be
91.9%
be
91.9%
be
91.9%
an
90.6%
Where
90.3%
my
89.7%
my
89.7%
I've
88.6%
I've
88.6%
I've
88.6%
to
88%
to
88%
to
88%
to
88%
to
88%
on
87.4%
% Correct
on
87.4%
on
87.4%
whiskey
86.8%
you
86.6%
you
86.6%
beer
85.1%
away
84.1%
chases
83.6%
blues
82.9%
I'll
82.9%
I'll
82.9%
I'll
82.9%
I'll
82.9%
I'll
82.9%
we
82.6%
okay.
79.9%
your
79%
it
78.2%
me
76.6%
me
76.6%
there.
75.7%
there
75.7%
show,
75.6%
show
75.6%
up
75.4%
was
74.1%
was
74.1%
all
73.9%
not
73.9%
oasis,
73.4%
down
73.3%
know,
73.1%
drowns,
73%
one
72.9%
one
72.9%
one
72.9%
boots,
72.8%
see
72.2%
I'm
72%
But
72%
But
72%
of
71.3%
showed
71.2%
black
71.1%
tie
70.9%
'Cause
70.8%
big
70.7%
big
70.7%
affair.
70.4%
last
69.9%
last
69.9%
last
69.9%
ruined
69.9%
Blame
69.2%
When
69.1%
roots,
68.7%
social
68.1%
thought
68.1%
% Correct
graces,
67.7%
you'd
66.7%
never
66.2%
his
65.7%
his
65.7%
glass
65.4%
hear
65.3%
cause
65.3%
you'll
64.7%
eyes,
64.6%
slip
63.2%
may
63.2%
through,
63.1%
Said,
62.9%
saw
62.8%
complain.'
62.8%
fear
62.7%
champagne,
62.5%
took
62.2%
as
61.4%
as
61.4%
'Honey,
61.3%
been
60.8%
Well,
60.2%
Well,
60.2%
then,
59.9%
then
59.9%
toasted
59.9%
just
59.7%
just
59.7%
Just
59.7%
think
59.6%
that
58.9%
That
58.9%
surprise
58.1%
before,
56.7%
don't
54.5%
door.
53.7%
high,
53.2%
tower
52.5%
scene,
52.3%
didn't
52.3%
myself
52%
ivory
52%
mean
51.4%
guess
51.2%
give
51.1%
wrong,
51%
you're
50.2%
belong.
49.5%
hour
49%
say
47.1%
livin'
43.9%
alright
43%
goodnight,
41.7%
Everything's
34.6%
Hey,
33.4%

You're not logged in!

Compare scores with friends on all Sporcle quizzes.
Sign Up with Email
OR
Log In

You Might Also Like...

Show Comments

Extras

Top Quizzes Today


Score Distribution

Your Account Isn't Verified!

In order to create a playlist on Sporcle, you need to verify the email address you used during registration. Go to your Sporcle Settings to finish the process.